000 00770nam a2200205Ia 4500
003 GCL
005 20240530103345.0
008 140319s9999 xx 000 0 ara d
040 _aGCL /
_cGCL
082 0 4 _b953.03
_bم و
100 1 _aمحمد ماهر حمادة
245 1 0 _aالوثائق السياسية والادارية العائدة للجزيرة العربية خلال العصور الاسلامية المتابعة /
_cمحمد ماهر حمادة
300 _a372 ص
490 _aسلسلة وثائق الاسلام
_v0
650 0 4 _aالتاريخ الاسلامى
650 0 4 _aالوثائق
650 0 4 _aالوثائق - تاريخ
650 0 4 _aالعالم العربى - تاريخ - العصر العثمانى
942 _2ddc
_cBK
999 _c38794
_d38794